000 00688nam a22002057a 4500
005 20241203153741.0
010 _aENG-142774
020 _a9789364448642
_c2295.00
035 _aEN-126306
037 _bDBAD
082 _a332.6
_27
100 _aGraham, Benjamin
_974602
245 _aSecurity Analysis: Principles and Techniques/
_cby Benjamin Graham [and] David L. Dood
250 _a7
260 _aChennai
_bMcGraw Hill Education Private Ltd
_c2024
270 _aAnjana Complex No. 5/90 A, Butt Road, St Thomas Mount
_bChennai
_e600016
300 _alviii,800p.
_c23cm(Hb)
_bIndex
700 _aDood, David L.
_eAuthor
_974600
942 _2ddc
_cEN
_mGRA
_h332.6
_e7
999 _c207370
_d207370